000 01494cam a22003854a 4500
001 13058815
003 OSt
005 20140310182038.0
008 030115s2003 pauab c b 001 0 eng
010 _a 2003000897
020 _a1590844408
040 _aDLC
_cDLC
_dDLC
042 _apcc
_alcac
043 _ae-sp---
_ae-po---
050 0 0 _aGT 1190
_b.St929 2003
082 0 0 _aHS 391.009
_bSt9 2003
100 1 _aStuart, Keith.
_910911
245 1 0 _aSpain and Portugal /
_cKeith Stuart.
260 _aBroomall, PA :
_bMason Crest Publishers,
_cc2003.
300 _a64 p. :
_bcol. ill. ;
_c29 cm.
440 0 _aCultures and costumes
_910877
500 _aIncludes bibliographical references (p. 63) and index.
650 0 _aClothing and dress
_zSpain
_xHistory
_vJuvenile literature.
_910912
650 0 _aClothing and dress
_zPortugal
_xHistory
_vJuvenile literature.
_910913
650 1 _aClothing and dress
_zSpain
_xHistory.
_910914
650 1 _aClothing and dress
_zPortugal
_xHistory.
_910915
651 0 _aSpain
_xSocial life and customs
_vJuvenile literature.
_910916
651 0 _aPortugal
_xSocial life and customs
_vJuvenile literature.
_910917
651 1 _aSpain
_xSocial life and customs.
_910918
651 1 _aPortugal
_xSocial life and customs.
_910919
906 _a7
_bcbc
_corignew
_d1
_eecip
_f20
_gy-gencatlg
942 _2lcc
_cHS
_kHS
999 _c8731
_d8731